Countries Producing the Most Carrots - Statistics

General Stats
  • This quiz has been taken 101 times
  • The average score is 14 of 20
Answer Stats
Thousand Tonnes Country % Correct
2,259 United States
100%
21,379 China
94%
830 United Kingdom
94%
534 France
92%
791 Germany
90%
384 Spain
90%
1,559 Russia
87%
492 Italy
83%
678 Poland
79%
869 Ukraine
79%
588 Japan
78%
616 Netherlands
71%
666 Turkey
71%
699 Indonesia
60%
504 Pakistan
55%
604 Kazakhstan
46%
412 Morocco
39%
2,770 Uzbekistan
33%
420 Algeria
31%
370 Tajikistan
22%
No matching quizzes found
Score Distribution
Percent of People with Each Score
Percentile by Number Answered
Your Score History
You have not taken this quiz